Die Lindenfelser Gespräche
| Titel: | Die Lindenfelser Gespräche |
|---|---|
| Verfasser: | |
| In: |
Erfahrung und Zeugnis der Deutschen aus Polen, (1987), Seite 118-120 alle Artikel anzeigen |
| Veröffentlicht: | 1987 |
| Format: | Aufsatz |
| Sprache: | Deutsch |
X
alg: 39162116
001A $01999:11-11-16
001B $01999:15-05-21 $t21:00:49.000
001D $01999:11-11-16
001U $0utf8
001X $00
002@ $0Aox
003@ $0391621165
007A $0391621165 $aHEB
007T $0Herd78594
010@ $ager
011@ $a1987
021A $aDie @Lindenfelser Gespräche
028A $#Rhode, Gotthold Kurt Sigismund $7118600168 $8Rhode, Gotthold$Z1916-1990 [Tp1] $9086941143
031A $h118-120 $j1987
039B $aIn $8--Aauc--. Erfahrung und Zeugnis der Deutschen aus Polen. - Berlin {[u.a.] : Westkreuz-Verl., 1987. - 171 S.. - zahlr. Ill.. - ISBN 3-922131-54-9 $x198700000000000882 $9007404484
045F $a306.09438 $eDDC23BSB
045F/01 $a306.09
045F/03 $g438
lok: 39162116 78
exp: 39162116 78 1 #EPN
201B/01 $021-12-17 $t23:22:28.000
201U/01 $0utf8
203@/01 $078771559X
208@/01 $a11-11-16 $be
209A/01 $a/ $f000 $x00
220C/01 $aTitelaufnehmer: cs
244Z/01 $2Trx $#Poola $#Lenkija $#Polija $#Polen Land $#Poland $#Lengyelország $#Poľsko $#Polsko $8--Trx--Polska$gkraj $x01 $9391345966
244Z/01 $74099670-0 $8--Tg1--Lindenfels $x02 $9085283584
244Z/01 $aGeschichte 1964-1987 $x03
244Z/01 $2Trx $#suhted, Poola-Saksa $#santykiai, lenkų ir vokiečių $#relations, German-Polish $#kapcsolatok, lengyel-német $#stosunki niemiecko-polskie $#vzťahy nemecko-poľské $#vztahy německo-polské $8--Trx--Beziehungen, deutsch-polnische $x04 $9391368397
244Z/01 $2Trx $#suhted, kultuurilised $#santykiai, kultūriniai $#relationships, cultural $#kapcsolatok, kulturális $#stosunki kulturalne $#vzťahy kultúrne $#vztahy kulturní $#Kulturtransfer $8--Trx--Beziehungen, kulturelle $x05 $9391374184
244Z/01 $2Trx $8--Trx--Einzelbeiträge $x06 $9391384570
245Z/01 $a11.15 $x01
247C/01 $82080>Marburg/Lahn, Herder-Institut, Forschungsbibliothek, Bibliographieportal $9336309341
| LEADER | 00000caa a22000002c 4500 | ||
|---|---|---|---|
| 001 | 391621165 | ||
| 003 | DE-603 | ||
| 005 | 20210515210049.0 | ||
| 007 | tu | ||
| 008 | 161111s1987 xx |||| | u00||u|ger c | ||
| 035 | |a (DE-599)HEB391621165 | ||
| 040 | |a DE-603 |b ger |c DE-603 |d DE-603 | ||
| 041 | |a ger | ||
| 082 | 0 | 4 | |8 1\u |a 306.09438 |q DE-101 |2 23/BSB |
| 085 | |8 1\u |b 306.09 | ||
| 085 | |8 1\u |z 2 |s 438 | ||
| 100 | 1 | |a Rhode, Gotthold |d 1916-1990 |0 (DE-603)086941143 |0 (DE-588)118600168 |2 gnd | |
| 245 | 0 | 0 | |a Die Lindenfelser Gespräche |
| 264 | 0 | |c 1987 | |
| 773 | 0 | 8 | |i In |t Erfahrung und Zeugnis der Deutschen aus Polen |d Berlin [u.a.] : Westkreuz-Verl., 1987 |h 171 S., zahlr. Ill. |z 3922131549 |g (1987), Seite 118-120 |w (DE-603)007404484 |
| 924 | 0 | |9 2080 |a (DE-603)78771559X |b DE-2080 |c HES |d d |g / | |


